000
00312nam a22001457a 4500
999
_c
2766
_d
2766
003
NUST
020
_a
9788178846606
038
_a
A
082
_a
302.23
100
_a
K. C. Thakur
_9
31308
245
_a
Sports journalism
260
_a
New Delhi
_b
Cybertech publications
_c
2010
300
_a
224p
942
_c
BK
_2
ddc